header

Starring Madame Modjeska (Record no. 237381)

MARC details
000 -LEADER
fixed length control field 01682nam a2200361 a 4500
082 04 - DEWEY DECIMAL CLASSIFICATION NUMBER
Classification number 792.02/8092
-- B
100 1# - MAIN ENTRY--AUTHOR NAME
Personal name Holmgren, Beth,
245 10 - TITLE STATEMENT
Title Starring Madame Modjeska
260 ## - PUBLICATION, DISTRIBUTION, ETC. (IMPRINT)
Place of publication Bloomington :
Name of publisher Indiana University Press,
Year of publication 2012.
300 ## - PHYSICAL DESCRIPTION
Number of Pages xv, 408 p. :
Other physical details ill., ports.
505 0# - FORMATTED CONTENTS NOTE
Formatted contents note Debut -- The making of a Polish actress -- Warsaw's state of the stars -- A colonial party and the California dream -- On the American road -- The roles of Madame Modjeska -- The Polish Modjeska -- Farewell tour -- Epilogue: finding Modjeska today.
650 #0 - SUBJECT ADDED ENTRY--TOPICAL TERM
Topical Term Actors
Topical Term Actors
Topical Term Shakespearean actors and actresses
856 40 - ELECTRONIC LOCATION AND ACCESS
Uniform Resource Identifier http://site.ebrary.com/lib/rucke/Doc?id=10519700

No items available.

© 2026 Rongo University
Contact us: librarian | system librarian | Rongo university